Entrepreneurship (Record no. 6837)

MARC details
000 -LEADER
fixed length control field 00326nam a2200145Ia 4500
003 - CONTROL NUMBER IDENTIFIER
control field OSt
008 - FIXED-LENGTH DATA ELEMENTS--GENERAL INFORMATION
fixed length control field 191201s2018 xx 000 0 und d
082 ## - DEWEY DECIMAL CLASSIFICATION NUMBER
Classification number 658.421
Item number HIE
100 ## - MAIN ENTRY--PERSONAL NAME
Personal name HISRICH, Robert D
245 #0 - TITLE STATEMENT
Title Entrepreneurship
260 ## - PUBLICATION, DISTRIBUTION, ETC. (IMPRINT)
Name of publisher, distributor, etc TMH
Date of publication, distribution, etc 2018
Place of publication, distribution, etc New Delhi
300 ## - PHYSICAL DESCRIPTION
Extent 580
650 ## - SUBJECT ADDED ENTRY--TOPICAL TERM
Topical term or geographic name as entry element B.Tech(ME)
942 ## - ADDED ENTRY ELEMENTS (KOHA)
Source of classification or shelving scheme Dewey Decimal Classification
Koha item type Text Books
Holdings
Withdrawn status Lost status Source of classification or shelving scheme Damaged status Not for loan Collection code Home library Current library Date acquired Source of acquisition Cost, normal purchase price Bill Number Total Checkouts Full call number Acc. no. / Barcode Date last seen Actual Cost, discounted price Bill Date Koha item type Date last borrowed
    Dewey Decimal Classification     B.Tech(ME) PIET C-LIBRARY PIET C-LIBRARY 21/07/2020 Kirti Prakashan 745.00 IN3884   658.421 HIE 30503 04/12/2019 506.60 15/05/2019 Text Books  
    Dewey Decimal Classification     B.Tech(ME) PIET C-LIBRARY PIET C-LIBRARY 21/07/2020 Kirti Prakashan 745.00 IN3884 2 658.421 HIE 30504 13/07/2022 506.60 15/05/2019 Text Books 08/07/2022
    Dewey Decimal Classification     B.Tech(ME) PIET C-LIBRARY PIET C-LIBRARY 21/07/2020 Kirti Prakashan 745.00 IN3884   658.421 HIE 30505 04/12/2019 506.60 15/05/2019 Text Books  
    Dewey Decimal Classification     B.Tech(ME) PIET C-LIBRARY PIET C-LIBRARY 21/07/2020 Kirti Prakashan 745.00 IN3884   658.421 HIE 30506 04/12/2019 506.60 15/05/2019 Text Books  
    Dewey Decimal Classification     B.Tech(ME) PIET C-LIBRARY PIET C-LIBRARY 21/07/2020 Kirti Prakashan 745.00 IN3884 1 658.421 HIE 30507 08/12/2021 506.60 15/05/2019 Text Books 08/10/2021
    Dewey Decimal Classification     B.Tech(ME) PIET C-LIBRARY PIET C-LIBRARY 21/07/2020 Kirti Prakashan 745.00 IN3884   658.421 HIE 30508 04/12/2019 506.60 15/05/2019 Text Books  
    Dewey Decimal Classification     B.Tech(ME) PIET C-LIBRARY PIET C-LIBRARY 21/07/2020 Kirti Prakashan 745.00 IN3884   658.421 HIE 30509 04/12/2019 506.60 15/05/2019 Text Books  
    Dewey Decimal Classification     B.Tech(ME) PIET C-LIBRARY PIET C-LIBRARY 21/07/2020 Kirti Prakashan 745.00 IN3884   658.421 HIE 30510 04/12/2019 506.60 15/05/2019 Text Books  

Design & Developed by: PIET Central Library
R70 Miles Stone Pattikalyana Samalkha Panipat 132102
mail ID :- [email protected], Phone No:- 0180-2569700 Ex.216